[Event "FRA-chT1 0910"]
[Site "France"]
[Date "2009.10.04"]
[Round "1.3"]
[White "Salgado Allaria, Carlos"]
[Black "Carlier, Bruno"]
[Result "0-1"]
[WhiteElo "2333"]
[BlackElo "2397"]
[PlyCount "98"]
[EventDate "2009.09.27"]
[EventType "team-match"]
[EventRounds "11"]
[EventCountry "FRA"]
[Source "ChessBase"]
[SourceDate "2010.02.25"]

1. e4 g6 2. d4 Bg7 3. Nc3 d6 4. Be3 c6 5. a4 a5 6. f4 Na6 7. h3 e5 8. Nf3 exd4
9. Bxd4 Nf6 10. Bd3 O-O 11. O-O Nb4 12. Re1 d5 13. exd5 Nfxd5 14. Bxg7 Kxg7 15.
Nxd5 Nxd5 16. Qc1 Qf6 17. f5 Bxf5 18. Bxf5 Qxf5 19. Re5 Qf4 20. Qxf4 Nxf4 21.
Re7 Rab8 22. Rf1 Nd5 23. Rd7 Rfd8 24. Ne5 Rxd7 25. Nxd7 Re8 26. Rf2 Re1+ 27.
Kh2 f5 28. c4 Ne3 29. Nc5 Nf1+ 30. Kg1 Nd2+ 31. Kh2 Ne4 32. Nxe4 fxe4 33. Kg3
Rc1 34. Rd2 Kf6 35. b3 Ke5 36. Rd7 Rc3+ 37. Kf2 Rxb3 38. Rxh7 Kd4 39. Re7 Rb2+
40. Kg3 e3 41. Kf3 Rf2+ 42. Kg3 Rf1 43. c5 Kxc5 44. Rxe3 b5 45. Re5+ Kb4 46.
Re4+ Kb3 47. axb5 cxb5 48. Re5 Rf5 49. Re3+ Kc4 0-1

[Event "FRA-chT1 0910"]
[Site "France"]
[Date "2009.10.04"]
[Round "1.3"]
[White "Sorbe, Stephane"]
[Black "Debray, Tristan"]
[Result "0-1"]
[WhiteElo "2351"]
[BlackElo "2169"]
[PlyCount "138"]
[EventDate "2009.09.27"]
[EventType "team-match"]
[EventRounds "11"]
[EventCountry "FRA"]
[Source "ChessBase"]
[SourceDate "2010.02.25"]

1. e4 Nf6 2. Nc3 d5 3. exd5 Nxd5 4. Bc4 Nb6 5. Bb3 Nc6 6. Nf3 Bf5 7. d4 e6 8.
O-O Na5 9. Ne5 Nxb3 10. axb3 Bd6 11. Qe2 O-O 12. g4 Bg6 13. f4 Bxe5 14. dxe5 f5
15. exf6 Qxf6 16. Ra5 a6 17. Re5 Rae8 18. Ne4 Bxe4 19. Qxe4 Nd7 20. Rh5 Qg6 21.
Qg2 e5 22. f5 Qb6+ 23. Kh1 Qc6 24. Qxc6 bxc6 25. Rh3 e4 26. Rc3 Ne5 27. h3 g6
28. f6 Re6 29. g5 Rd8 30. Bf4 Nf3 31. Re3 Nd4 32. Bxc7 Rd7 33. Bb6 Nxc2 34. Rc3
Nb4 35. Bc5 Nd5 36. Be7 Kf7 37. Rd1 e3 38. Rc2 e2 39. Re1 Nf4 40. Kh2 Rd1 41.
Bb4 Rxe1 42. Bxe1 Nd3 43. Bg3 e1=Q 44. Bxe1 Nxe1 45. Rc3 h6 46. h4 hxg5 47.
hxg5 Re5 48. Rxc6 Rxg5 49. Rxa6 Rb5 50. Kg3 Rxb3+ 51. Kf4 Rxb2 52. Kg5 Rb5+ 53.
Kg4 Nd3 54. Kg3 Rf5 55. Rd6 Ne5 56. Rd4 Kxf6 57. Ra4 Rf3+ 58. Kg2 g5 59. Ra8
Kf5 60. Ra4 Rf4 61. Ra3 Rd4 62. Rb3 Rd2+ 63. Kg1 Kf4 64. Kf1 Nd3 65. Rb5 g4 66.
Rb8 Kf3 67. Rf8+ Kg3 68. Ra8 Rf2+ 69. Kg1 Re2 0-1

[Event "FRA-chT1 0910"]
[Site "France"]
[Date "2009.10.04"]
[Round "1.3"]
[White "Tranchant, Sebastien"]
[Black "Bedouin, Xavier"]
[Result "0-1"]
[WhiteElo "2244"]
[BlackElo "2353"]
[PlyCount "59"]
[EventDate "2009.09.27"]
[EventType "team-match"]
[EventRounds "11"]
[EventCountry "FRA"]
[Source "ChessBase"]
[SourceDate "2010.02.25"]

1. c4 Nf6 2. Nc3 d5 3. cxd5 Nxd5 4. g3 g6 5. Bg2 Nb6 6. Nf3 Bg7 7. O-O Nc6 8.
d3 O-O 9. Be3 e5 10. Rc1 Nd4 11. Re1 a5 12. Ne4 h6 13. Nc5 c6 14. a3 Re8 15.
Nxd4 exd4 16. Bd2 Bf8 17. Bf3 Re5 18. b4 axb4 19. axb4 Nd7 20. Bf4 Re8 21. Qb3
Nxc5 22. bxc5 Ra5 23. h4 Kg7 24. Qb4 Rb5 25. Qd2 Kh7 26. Rc2 Bxc5 27. Ra1 Bf8
28. Qc1 g5 29. hxg5 hxg5 30. Be4+ 0-1

[Event "FRA-chT1 0910"]
[Site "France"]
[Date "2009.10.04"]
[Round "1.4"]
[White "Bertrand, Frederic"]
[Black "Brailly Vignal, Bastien"]
[Result "1-0"]
[WhiteElo "2292"]
[BlackElo "2166"]
[PlyCount "73"]
[EventDate "2009.09.27"]
[EventType "team-match"]
[EventRounds "11"]
[EventCountry "FRA"]
[Source "ChessBase"]
[SourceDate "2010.02.25"]

1. d4 Nf6 2. Nf3 c5 3. d5 b5 4. c4 b4 5. Qc2 g6 6. e4 d6 7. e5 dxe5 8. Nxe5 Bg7
9. Nd3 O-O 10. Be2 Bf5 11. O-O Nbd7 12. Be3 Qc7 13. h3 Rac8 14. Nd2 a5 15. g4
Bxd3 16. Bxd3 Ne8 17. Rfe1 Ne5 18. Be4 h5 19. f4 hxg4 20. fxe5 Qxe5 21. Bg2
gxh3 22. Bxh3 Qg3+ 23. Bg2 f5 24. Nf1 Qg4 25. Nh2 Qh5 26. Qe2 Qxe2 27. Rxe2 Nd6
28. Rc1 Bf6 29. Bf4 Nf7 30. Nf3 g5 31. Be5 g4 32. Bxf6 gxf3 33. Rxe7 fxg2 34.
Rc2 Nh6 35. Rxg2+ Ng4 36. Rg7+ Kh8 37. R7xg4+ 1-0

[Event "FRA-chT1 0910"]
[Site "France"]
[Date "2009.10.04"]
[Round "1.4"]
[White "Gentilleau, Jean Philippe"]
[Black "De Labaca, Romuald"]
[Result "1/2-1/2"]
[WhiteElo "2184"]
[BlackElo "2204"]
[PlyCount "39"]
[EventDate "2009.09.27"]
[EventType "team-match"]
[EventRounds "11"]
[EventCountry "FRA"]
[Source "ChessBase"]
[SourceDate "2010.02.25"]

1. Nf3 d5 2. c4 e6 3. d4 Nf6 4. Nc3 c6 5. cxd5 exd5 6. Bg5 Be7 7. e3 Bf5 8. Nh4
Bg4 9. Qc2 Ne4 10. Bxe7 Qxe7 11. Nf3 Nd6 12. Bd3 g6 13. Ne5 Be6 14. O-O Nd7 15.
Nxd7 Bxd7 16. Na4 Bf5 17. Bxf5 Nxf5 18. Nc5 O-O 19. b4 Nd6 20. Nd3 1/2-1/2

[Event "FRA-chT1 0910"]
[Site "France"]
[Date "2009.10.04"]
[Round "1.4"]
[White "Metzger, Clement"]
[Black "Silva, Sebastian"]
[Result "1-0"]
[WhiteElo "2172"]
[BlackElo "2341"]
[PlyCount "85"]
[EventDate "2009.09.27"]
[EventType "team-match"]
[EventRounds "11"]
[EventCountry "FRA"]
[Source "ChessBase"]
[SourceDate "2010.02.25"]

1. e4 c5 2. Nf3 Nc6 3. c3 e5 4. Bc4 Qc7 5. O-O Nf6 6. Na3 Be7 7. d4 d6 8. Nb5
Qb8 9. dxc5 dxc5 10. Ng5 O-O 11. f4 a6 12. Bxf7+ Kh8 13. Na3 h6 14. Bb3 hxg5
15. fxg5 Bg4 16. Qe1 Nh7 17. Rxf8+ Qxf8 18. g6 Qf6 19. gxh7 Be6 20. Bg5 Qg6 21.
Bxe6 Qxe6 22. Bxe7 Nxe7 23. b3 Kxh7 24. Rd1 Ng6 25. Nc4 Qg4 26. h3 Qg5 27. Ne3
Nf4 28. Ng4 b5 29. Qe3 Rc8 30. Rd5 Qh4 31. Rxe5 Ng6 32. Rd5 c4 33. b4 Rc6 34.
Kh2 Ne7 35. Rd7 Re6 36. e5 Nf5 37. Qf4 Kg6 38. a3 Qe1 39. Rd8 Qxc3 40. Rf8 Qc2
41. Nf2 Nh6 42. Ne4 Qb2 43. Qg3+ 1-0

[Event "FRA-chT1 0910"]
[Site "France"]
[Date "2009.10.04"]
[Round "1.4"]
[White "Monsieux, Sebastien"]
[Black "Vesin, Jean Robert"]
[Result "1/2-1/2"]
[WhiteElo "2115"]
[BlackElo "2247"]
[PlyCount "155"]
[EventDate "2009.09.27"]
[EventType "team-match"]
[EventRounds "11"]
[EventCountry "FRA"]
[Source "ChessBase"]
[SourceDate "2010.02.25"]

1. d4 g6 2. c4 Bg7 3. e4 c5 4. d5 d6 5. Ne2 e6 6. Nbc3 exd5 7. cxd5 Nf6 8. f3
O-O 9. Be3 a6 10. Qd2 b5 11. Ng3 Nbd7 12. Be2 Ne5 13. O-O Bd7 14. Nd1 b4 15.
Rc1 Bb5 16. Nf2 Qd7 17. h3 Bxe2 18. Qxe2 Qb5 19. Qc2 Rfc8 20. f4 Ned7 21. b3 a5
22. Qd2 Nb6 23. Kh2 a4 24. f5 Nfd7 25. fxg6 fxg6 26. Ng4 Ne5 27. Nh6+ Kh8 28.
Nf7+ Nxf7 29. Rxf7 Rf8 30. Rcf1 Rxf7 31. Rxf7 Qe8 32. Rb7 axb3 33. axb3 Nd7 34.
Qe2 Be5 35. Bh6 Qc8 36. Qb5 Rb8 37. Rxb8 Nxb8 38. Qf1 Qe8 39. Bf4 Nd7 40. Bxe5+
Qxe5 41. Qf7 Nf6 42. Qf8+ Ng8 43. Qf3 Nf6 44. Kg1 Kg7 45. Kf1 h5 46. h4 Ng4 47.
Ke1 Qa1+ 48. Kd2 Qb2+ 49. Kd1 Ne5 50. Qe3 Qxg2 51. Qg5 Qf3+ 52. Kc2 Qc3+ 53.
Kb1 Qxb3+ 54. Kc1 Qc3+ 55. Kb1 Qe1+ 56. Kc2 b3+ 57. Kxb3 Qd1+ 58. Ka2 Kf7 59.
Qf4+ Ke7 60. Qg5+ Kd7 61. Qf4 c4 62. Qe3 Qa4+ 63. Kb1 Nd3 64. Qb6 Qd1+ 65. Ka2
Nc1+ 66. Kb2 Nd3+ 67. Ka2 Qd2+ 68. Ka1 Qe1+ 69. Ka2 Nb4+ 70. Kb2 Qd2+ 71. Ka3
Qa2+ 72. Kxb4 Qb3+ 73. Ka5 Qa3+ 74. Kb5 Qb3+ 75. Ka6 Qxg3 76. Qb7+ Ke8 77. Qc8+
Kf7 78. Qe6+ 1/2-1/2

[Event "FRA-chT1 0910"]
[Site "France"]
[Date "2009.10.04"]
[Round "1.4"]
[White "Picard, Romain"]
[Black "Do, Huu Thi"]
[Result "1-0"]
[WhiteElo "2403"]
[BlackElo "2195"]
[PlyCount "47"]
[EventDate "2009.09.27"]
[EventType "team-match"]
[EventRounds "11"]
[EventCountry "FRA"]
[Source "ChessBase"]
[SourceDate "2010.02.25"]

1. e4 d5 2. exd5 Qxd5 3. Nf3 Nf6 4. d4 c6 5. Be2 Bg4 6. O-O e6 7. Bf4 Be7 8.
Nbd2 O-O 9. h3 Bh5 10. c3 Qd8 11. Nc4 Nd5 12. Bg3 Nd7 13. Re1 a5 14. a4 Ra7 15.
Qd2 Bg6 16. Nfe5 Bg5 17. Qd1 Nxe5 18. Bxe5 Be7 19. Qb3 Re8 20. Bf3 Bd3 21. Nd2
Bg6 22. Bg3 b6 23. Nc4 Bd3 24. Ne5 1-0

[Event "FRA-chT1 0910"]
[Site "France"]
[Date "2009.10.04"]
[Round "1.4"]
[White "Platel, Alexandre"]
[Black "Tournier, Mathieu"]
[Result "1-0"]
[WhiteElo "2244"]
[BlackElo "2267"]
[PlyCount "63"]
[EventDate "2009.09.27"]
[EventType "team-match"]
[EventRounds "11"]
[EventCountry "FRA"]
[Source "ChessBase"]
[SourceDate "2010.02.25"]

1. e4 e5 2. Nf3 Nc6 3. d4 exd4 4. Nxd4 Nf6 5. Nxc6 bxc6 6. e5 Qe7 7. Qe2 Nd5 8.
c4 Nb6 9. Nd2 Qe6 10. Qe4 d5 11. exd6 cxd6 12. Bd3 f5 13. Qxe6+ Bxe6 14. b3 Be7
15. Bb2 Kf7 16. Nf3 Bf6 17. O-O-O c5 18. h4 h6 19. h5 Rad8 20. Rhe1 Bxb2+ 21.
Kxb2 Kf6 22. Nh4 d5 23. cxd5 Nxd5 24. Ng6 Rhe8 25. Bb5 Rg8 26. Rxe6+ Kxe6 27.
Bc4 Kf6 28. Bxd5 Rge8 29. Nf4 Re4 30. g3 c4 31. b4 Ke5 32. Kc3 1-0

[Event "FRA-chT1 0910"]
[Site "France"]
[Date "2009.10.04"]
[Round "1.4"]
[White "Riff, Sebastien"]
[Black "Aguirre, Simon"]
[Result "1/2-1/2"]
[WhiteElo "2274"]
[BlackElo "2282"]
[PlyCount "71"]
[EventDate "2009.09.27"]
[EventType "team-match"]
[EventRounds "11"]
[EventCountry "FRA"]
[Source "ChessBase"]
[SourceDate "2010.02.25"]

1. e4 c5 2. Nf3 e6 3. d4 cxd4 4. Nxd4 Nc6 5. Nc3 Qc7 6. Be3 a6 7. Bd3 Nf6 8.
O-O b5 9. Nxc6 Qxc6 10. f3 Bc5 11. Qd2 Bb7 12. Qf2 Rc8 13. a3 O-O 14. Rfe1 d6
15. Rad1 Rfd8 16. e5 Bxe3 17. Rxe3 dxe5 18. Rxe5 Kf8 19. Re2 Qc5 20. Qxc5+ Rxc5
21. Red2 Ke7 22. Kf2 Rdc8 23. Re1 Bc6 24. Rde2 a5 25. Re5 Rxe5 26. Rxe5 b4 27.
axb4 axb4 28. Ne2 Nd5 29. Nd4 Bd7 30. g3 Kd6 31. Re2 g6 32. f4 f6 33. Nf3 Rf8
34. Ke1 Bc6 35. Nd4 Bd7 36. Nf3 1/2-1/2

[Event "FRA-chT1 0910"]
[Site "France"]
[Date "2009.10.04"]
[Round "1.4"]
[White "Seret, Jean Luc"]
[Black "Wittmann, Marc"]
[Result "1/2-1/2"]
[WhiteElo "2398"]
[BlackElo "2255"]
[PlyCount "99"]
[EventDate "2009.09.27"]
[EventType "team-match"]
[EventRounds "11"]
[EventCountry "FRA"]
[Source "ChessBase"]
[SourceDate "2010.02.25"]

1. e4 e5 2. Nf3 Nc6 3. Be2 Nf6 4. d3 d5 5. Nbd2 Be7 6. O-O O-O 7. c3 h6 8. b4
a6 9. Bb2 Re8 10. Re1 Bf8 11. a3 Bg4 12. Qc2 Qe7 13. Bf1 dxe4 14. dxe4 Rad8 15.
h3 Bc8 16. Nc4 Nh7 17. Ne3 Ng5 18. Nh2 Qf6 19. h4 Ne6 20. g3 Qg6 21. Rad1 Be7
22. Nf5 Rxd1 23. Rxd1 Rd8 24. Bc1 Rxd1 25. Qxd1 Nf8 26. Qf3 Nh7 27. Ng4 Bxh4
28. Ngxh6+ gxh6 29. Nxh4 Ng5 30. Bxg5 Qxg5 31. Bc4 Nd8 32. Kg2 Be6 33. Qd3 Bxc4
34. Qxc4 Ne6 35. Nf5 Kh7 36. a4 Qg4 37. Ne3 Nf4+ 38. Kf1 Qh3+ 39. Ke1 Qh1+ 40.
Kd2 Ne6 41. Ng4 Ng5 42. Nxe5 Qxe4 43. Qd3 Kg7 44. f4 Qg2+ 45. Kc1 Ne4 46. Qd7
Qf1+ 47. Kb2 Qe2+ 48. Ka3 Nd6 49. Qxc7 Qd2 50. Qc5 1/2-1/2

[Event "FRA-chT1 0910"]
[Site "France"]
[Date "2009.10.04"]
[Round "1.4"]
[White "Sorin, Baptiste"]
[Black "Perrin, Guillaume"]
[Result "1/2-1/2"]
[WhiteElo "2219"]
[BlackElo "2318"]
[PlyCount "101"]
[EventDate "2009.09.27"]
[EventType "team-match"]
[EventRounds "11"]
[EventCountry "FRA"]
[Source "ChessBase"]
[SourceDate "2010.02.25"]

1. e4 c5 2. Nf3 Nc6 3. d4 cxd4 4. Nxd4 Nf6 5. Nc3 d6 6. Bg5 e6 7. Qd2 Be7 8.
O-O-O O-O 9. f3 a6 10. g4 Nxd4 11. Qxd4 b5 12. h4 Qa5 13. Kb1 b4 14. Ne2 e5 15.
Qd2 Be6 16. Nc1 Rfd8 17. Bxf6 Bxf6 18. g5 Be7 19. Qh2 Qc7 20. f4 exf4 21. Qxf4
a5 22. Bh3 Bc4 23. h5 Qc5 24. Bf5 Qe5 25. Qxe5 dxe5 26. g6 fxg6 27. hxg6 hxg6
28. Bxg6 Rxd1 29. Rxd1 Rd8 30. Nd3 Bf6 31. b3 Bb5 32. Nf2 Kf8 33. Rxd8+ Bxd8
34. Ng4 Ke7 35. c4 bxc3 36. Kc2 Bb6 37. a4 Bf1 38. Nxe5 Bc7 39. Ng4 Be2 40. Ne3
Be5 41. Nd5+ Kd6 42. Nxc3 Bf1 43. Nd5 Ke6 44. Ne3 Be2 45. Kd2 Ba6 46. Nc4 Bf4+
47. Kd3 Kf6 48. Bf5 g6 49. Bd7 Bxc4+ 50. bxc4 Ke7 51. Bg4 1/2-1/2

[Event "FRA-chT1 0910"]
[Site "France"]
[Date "2009.10.04"]
[Round "1.5"]
[White "Bafounta, Denis"]
[Black "Netzer, Jacques"]
[Result "1-0"]
[WhiteElo "2267"]
[BlackElo "2186"]
[PlyCount "57"]
[EventDate "2009.09.27"]
[EventType "team-match"]
[EventRounds "11"]
[EventCountry "FRA"]
[Source "ChessBase"]
[SourceDate "2010.02.25"]

1. d4 Nf6 2. c4 g6 3. Nc3 Bg7 4. e4 d6 5. f3 O-O 6. Bg5 c5 7. d5 e6 8. Qd2 exd5
9. cxd5 Re8 10. Nge2 Na6 11. Ng3 Nc7 12. Be2 Bd7 13. a4 a6 14. O-O b5 15. axb5
axb5 16. Rxa8 Qxa8 17. Qf4 Qd8 18. Qxd6 b4 19. Nd1 Nb5 20. Qxc5 Bf8 21. Qc1
Qb6+ 22. Be3 Qb7 23. Qd2 Bg7 24. Nf2 Bf8 25. Rc1 Qb8 26. f4 h5 27. e5 Ng4 28.
Bxg4 hxg4 29. Nge4 1-0

[Event "FRA-chT1 0910"]
[Site "France"]
[Date "2009.10.04"]
[Round "1.5"]
[White "Beudaert, Xavier"]
[Black "Plane, Boris"]
[Result "1-0"]
[WhiteElo "2338"]
[BlackElo "2167"]
[PlyCount "63"]
[EventDate "2009.09.27"]
[EventType "team-match"]
[EventRounds "11"]
[EventCountry "FRA"]
[Source "ChessBase"]
[SourceDate "2010.02.25"]

1. e4 e5 2. Nf3 Nc6 3. Bb5 a6 4. Ba4 Nf6 5. O-O b5 6. Bb3 Bb7 7. Qe2 Bc5 8. c3
d6 9. Rd1 Qe7 10. d3 Bb6 11. Nh4 g6 12. Nd2 O-O-O 13. a4 d5 14. axb5 axb5 15.
Nhf3 h6 16. Nf1 Na5 17. Bxd5 Nxd5 18. exd5 Nb3 19. Ra3 Nxc1 20. Rxc1 Rxd5 21.
c4 b4 22. Ra4 Qc5 23. N1d2 Rhd8 24. Nb3 Qc6 25. Rxb4 Rxd3 26. c5 Qd5 27. cxb6
Rxb3 28. Rxb3 Qxb3 29. Rxc7+ Kb8 30. Qxe5 Rd1+ 31. Ne1 Qe6 32. Rc8+ 1-0

[Event "FRA-chT1 0910"]
[Site "France"]
[Date "2009.10.04"]
[Round "1.5"]
[White "Cavillon, Fabien"]
[Black "Zharkov, Hleb"]
[Result "0-1"]
[WhiteElo "2121"]
[BlackElo "2238"]
[PlyCount "80"]
[EventDate "2009.09.27"]
[EventType "team-match"]
[EventRounds "11"]
[EventCountry "FRA"]
[Source "ChessBase"]
[SourceDate "2010.02.25"]

1. e4 e6 2. d3 d5 3. Nd2 Nf6 4. Ngf3 b6 5. c3 c5 6. e5 Nfd7 7. d4 Ba6 8. Bxa6
Nxa6 9. Qa4 Qc8 10. O-O cxd4 11. cxd4 Be7 12. Ne1 Nb4 13. f4 Qc6 14. Qxc6 Nxc6
15. Ndf3 O-O-O 16. Bd2 Kb7 17. Nd3 Rhe8 18. Rac1 f5 19. Rc2 Rc8 20. Rfc1 a5 21.
Kf2 h6 22. Rg1 Ncxe5 23. Rxc8 Nxd3+ 24. Ke3 Rxc8 25. Kxd3 Nf6 26. Rc1 Rf8 27.
Ne5 Ne4 28. Be3 g5 29. g3 Bf6 30. Nf3 g4 31. Nd2 h5 32. Nxe4 dxe4+ 33. Ke2 Rc8
34. Rxc8 Kxc8 35. a4 Kc7 36. Kd2 Kc6 37. Kc3 Kd5 38. b3 h4 39. gxh4 Bxh4 40. b4
Be1+ 0-1

[Event "FRA-chT1 0910"]
[Site "France"]
[Date "2009.10.04"]
[Round "1.5"]
[White "Di Paolo, Raffaele"]
[Black "Lallement, Victor"]
[Result "1/2-1/2"]
[WhiteElo "2342"]
[BlackElo "2108"]
[PlyCount "99"]
[EventDate "2009.09.27"]
[EventType "team-match"]
[EventRounds "11"]
[EventCountry "FRA"]
[Source "ChessBase"]
[SourceDate "2010.02.25"]

1. e4 c5 2. Nf3 d6 3. d4 cxd4 4. Nxd4 Nf6 5. Nc3 a6 6. Bg5 e6 7. f4 Nbd7 8. Qf3
Qc7 9. O-O-O b5 10. Bd3 Bb7 11. Rhe1 Qb6 12. Nd5 Qxd4 13. Bxf6 gxf6 14. Bxb5
Qc5 15. Nxf6+ Kd8 16. Nxd7 Qxb5 17. Nxf8 Rxf8 18. Qa3 Rg8 19. Qxd6+ Ke8 20. f5
Qc6 21. Qd4 Qc7 22. g3 Rd8 23. Qb4 Rxd1+ 24. Rxd1 Rg4 25. fxe6 fxe6 26. Qa4+
Ke7 27. Rd4 Rg5 28. Rc4 Qb6 29. Qa3+ Ke8 30. Qa4+ Rb5 31. b3 Bc6 32. Qa3 Bd7
33. Kb1 a5 34. Qc1 Rh5 35. h4 Qf2 36. Qd1 Rc5 37. Rxc5 Qxc5 38. Qg4 Qg1+ 39.
Kb2 Qd4+ 40. Kb1 Qg1+ 41. Kb2 Qd4+ 42. Kb1 a4 43. Qg8+ Ke7 44. Qg5+ Kd6 45.
Qf4+ Kc6 46. bxa4 Qxa4 47. Qe3 Be8 48. Qc3+ Kd6 49. Qd2+ Kc6 50. Qc3+ 1/2-1/2

[Event "FRA-chT1 0910"]
[Site "France"]
[Date "2009.10.04"]
[Round "1.5"]
[White "Emmenecker, Philippe"]
[Black "Dubois, Jean Marie"]
[Result "1-0"]
[WhiteElo "2163"]
[BlackElo "2248"]
[PlyCount "71"]
[EventDate "2009.09.27"]
[EventType "team-match"]
[EventRounds "11"]
[EventCountry "FRA"]
[Source "ChessBase"]
[SourceDate "2010.02.25"]

1. d4 b6 2. e4 Bb7 3. Nd2 e6 4. Ngf3 c5 5. c3 Nf6 6. Bd3 Nc6 7. O-O Be7 8. Re1
O-O 9. Nf1 cxd4 10. cxd4 Rc8 11. a3 d6 12. Ng3 Nd7 13. Be3 Re8 14. Rc1 g6 15.
b4 Bf6 16. Qd2 Qe7 17. h4 e5 18. d5 Nd4 19. Bxd4 exd4 20. Bb5 Red8 21. Bxd7
Qxd7 22. Nxd4 Bxh4 23. Qf4 Qe7 24. Ndf5 gxf5 25. Nxf5 Bxf2+ 26. Kxf2 Qf6 27.
Nh6+ Kg7 28. Qxf6+ Kxf6 29. Ke3 Rd7 30. Rh1 Rdc7 31. Rcf1+ Kg6 32. Nf5 Rc3+ 33.
Kf4 h5 34. Ne7+ Kh6 35. Nxc8 Bxc8 36. Rc1 1-0

[Event "FRA-chT1 0910"]
[Site "France"]
[Date "2009.10.04"]
[Round "1.5"]
[White "Giroyan, Gary"]
[Black "Nelis, Jean Francois"]
[Result "1/2-1/2"]
[WhiteElo "2180"]
[BlackElo "2235"]
[PlyCount "81"]
[EventDate "2009.09.27"]
[EventType "team-match"]
[EventRounds "11"]
[EventCountry "FRA"]
[Source "ChessBase"]
[SourceDate "2010.02.25"]

1. e4 e6 2. d4 d5 3. Nc3 Bb4 4. e5 Qd7 5. Qg4 f5 6. Qg3 b6 7. Nh3 Ba6 8. Bxa6
Nxa6 9. Qd3 Nb8 10. Nf4 Nc6 11. O-O Bxc3 12. bxc3 Na5 13. Qg3 O-O-O 14. Nd3 Nc4
15. Nb2 Nxb2 16. Bxb2 Ne7 17. Qd3 Qa4 18. Rfb1 Nc6 19. Bc1 Kb7 20. Rb3 a6 21.
Rab1 Qc4 22. Ra3 Ka7 23. Qxc4 dxc4 24. Ra4 b5 25. Rxb5 Rb8 26. Rbb4 Nxb4 27.
cxb4 Rhd8 28. Bg5 Rd7 29. g3 Rb5 30. Kf1 Kb7 31. Be3 Rd8 32. Ke2 Ra8 33. Bg5
Kc6 34. Be7 Kd5 35. Bc5 g5 36. h3 c6 37. Ke3 a5 38. c3 h5 39. Be7 g4 40. h4 Ra6
41. Bc5 1/2-1/2

[Event "FRA-chT1 0910"]
[Site "France"]
[Date "2009.10.04"]
[Round "1.5"]
[White "Gosset, Arnaud"]
[Black "Marchyllie, Bruno"]
[Result "1-0"]
[WhiteElo "2193"]
[BlackElo "2163"]
[PlyCount "79"]
[EventDate "2009.09.27"]
[EventType "team-match"]
[EventRounds "11"]
[EventCountry "FRA"]
[Source "ChessBase"]
[SourceDate "2010.02.25"]

1. Nf3 b6 2. d4 Bb7 3. g3 e6 4. Bg2 Nf6 5. O-O Be7 6. c4 O-O 7. Bf4 d5 8. Nc3
c6 9. Qa4 Bd6 10. Ne5 dxc4 11. Qxc4 Nd5 12. Rfe1 Nxf4 13. gxf4 Qh4 14. e3 Bxe5
15. dxe5 Nd7 16. Ne4 c5 17. Rad1 Rad8 18. Rd6 b5 19. Qc2 c4 20. Red1 Bxe4 21.
Bxe4 Nc5 22. Bxh7+ Kh8 23. Be4 Nxe4 24. Rxd8 Rxd8 25. Rxd8+ Qxd8 26. Qxe4 Qd1+
27. Kg2 Qd5 28. Kf3 b4 29. Qxd5 exd5 30. f5 a5 31. Ke2 a4 32. Kd2 Kg8 33. a3
c3+ 34. bxc3 b3 35. f3 g6 36. e4 dxe4 37. fxe4 g5 38. c4 Kf8 39. f6 Ke8 40. e6
1-0

[Event "FRA-chT1 0910"]
[Site "France"]
[Date "2009.10.04"]
[Round "1.5"]
[White "Lambert, Romain"]
[Black "Fougerit, Valentin"]
[Result "1/2-1/2"]
[WhiteElo "2003"]
[BlackElo "2233"]
[PlyCount "76"]
[EventDate "2009.09.27"]
[EventType "team-match"]
[EventRounds "11"]
[EventCountry "FRA"]
[Source "ChessBase"]
[SourceDate "2010.02.25"]

1. d4 Nf6 2. c4 e6 3. Nc3 c5 4. d5 exd5 5. cxd5 Bd6 6. e4 O-O 7. Bd3 Re8 8. Nf3
Bc7 9. O-O d6 10. h3 a6 11. a4 Nbd7 12. Re1 Rb8 13. Bf4 h6 14. Qc2 Nh5 15. Be3
Ba5 16. Nd2 Nf8 17. Nc4 Bb4 18. a5 Ng6 19. Qe2 Nhf4 20. Bxf4 Nxf4 21. Qf3 Qf6
22. Nxd6 Nxh3+ 23. Kf1 Qxd6 24. e5 Qd7 25. gxh3 Qxh3+ 26. Qxh3 Bxh3+ 27. Kg1 g5
28. Re3 Bxc3 29. bxc3 Bd7 30. Rb1 Kg7 31. Rb6 Re7 32. Bxa6 Ra8 33. Bxb7 Rxa5
34. Bc6 h5 35. d6 Bxc6 36. dxe7 Ra1+ 37. Kh2 Rh1+ 38. Kg3 Rg1+ 1/2-1/2

[Event "FRA-chT1 0910"]
[Site "France"]
[Date "2009.10.04"]
[Round "1.5"]
[White "Poignot, Quentin"]
[Black "Millon, Valentin"]
[Result "1/2-1/2"]
[WhiteElo "2136"]
[BlackElo "2082"]
[PlyCount "111"]
[EventDate "2009.09.27"]
[EventType "team-match"]
[EventRounds "11"]
[EventCountry "FRA"]
[Source "ChessBase"]
[SourceDate "2010.02.25"]

1. e4 c5 2. Nf3 e6 3. g3 Nc6 4. Bg2 d6 5. O-O Nf6 6. Re1 Be7 7. c3 O-O 8. d4
cxd4 9. cxd4 e5 10. d5 Nb8 11. Nc3 Ne8 12. Be3 f5 13. exf5 Bxf5 14. Qb3 Nd7 15.
Qxb7 a5 16. Qb3 Nef6 17. h3 Rb8 18. Qa3 Nb6 19. Nd2 a4 20. Bxb6 Qxb6 21. Nc4
Qb4 22. Qxa4 Bd3 23. Qxb4 Rxb4 24. b3 Bxc4 25. bxc4 Rxc4 26. Ne4 Nxe4 27. Bxe4
Bd8 28. f3 Bb6+ 29. Kg2 Ra8 30. Re2 Rca4 31. h4 Bd4 32. Rc1 Rxa2 33. Rxa2 Rxa2+
34. Kh3 Bc5 35. Rb1 Ra8 36. Rb7 g6 37. h5 gxh5 38. Rxh7 Ra1 39. Rxh5 Rh1+ 40.
Kg4 Rxh5 41. Kxh5 Kf7 42. Kg5 Ke7 43. Kf5 Kf7 44. Bd3 Bb4 45. Bf1 Bc5 46. Bh3
Bb4 47. Bg4 Bc5 48. Bh5+ Ke7 49. f4 exf4 50. gxf4 Kf8 51. Kf6 Bb4 52. f5 Bc5
53. Ke6 Bb4 54. f6 Bc5 55. f7 Bb4 56. Be2 1/2-1/2

[Event "FRA-chT1 0910"]
[Site "France"]
[Date "2009.10.04"]
[Round "1.6"]
[White "Doucet, Christian"]
[Black "Lavabre, Fabien"]
[Result "1/2-1/2"]
[WhiteElo "2240"]
[BlackElo "2227"]
[PlyCount "108"]
[EventDate "2009.09.27"]
[EventType "team-match"]
[EventRounds "11"]
[EventCountry "FRA"]
[Source "ChessBase"]
[SourceDate "2010.02.25"]

1. c4 Nf6 2. Nf3 g6 3. g3 Bg7 4. Bg2 O-O 5. O-O d5 6. cxd5 Nxd5 7. d4 Nb6 8.
Nc3 Nc6 9. d5 Na5 10. Qc2 c6 11. dxc6 Nxc6 12. Rd1 Bd7 13. Be3 Nc4 14. Bf4 Rc8
15. Qc1 Re8 16. Bh6 Bh8 17. Ng5 Nd6 18. Nge4 Nd4 19. Kf1 Nxe4 20. Bxe4 Bh3+ 21.
Bg2 Bxg2+ 22. Kxg2 Qa5 23. Qg5 Rc5 24. Qd2 Nf5 25. Bf4 Rec8 26. e4 Bxc3 27.
bxc3 Nd6 28. Bxd6 exd6 29. Qxd6 Qxc3 30. Rab1 Qc4 31. Qd3 Qxa2 32. Rxb7 Rc2 33.
Qd4 a5 34. Qf6 Qc4 35. Rd4 Qa2 36. Rd8+ Rxd8 37. Qxd8+ Kg7 38. Qd4+ Kh6 39.
Qe3+ Kg7 40. Qd4+ Kh6 41. Ra7 Re2 42. e5 Qe6 43. Rxa5 Qc6+ 44. Qd5 Qxd5+ 45.
Rxd5 Kg7 46. Kf3 Re1 47. Kg4 h5+ 48. Kf4 Re2 49. Kf3 Re1 50. Kg2 Re2 51. h3 Kf8
52. Kf1 Ra2 53. f4 Ke7 54. Rd6 Rh2 1/2-1/2

[Event "FRA-chT1 0910"]
[Site "France"]
[Date "2009.10.04"]
[Round "1.6"]
[White "Jossien, Remy"]
[Black "Carton, Camille"]
[Result "1-0"]
[WhiteElo "2264"]
[BlackElo "2219"]
[PlyCount "81"]
[EventDate "2009.09.27"]
[EventType "team-match"]
[EventRounds "11"]
[EventCountry "FRA"]
[Source "ChessBase"]
[SourceDate "2010.02.25"]

1. e4 e6 2. d3 d5 3. Nd2 Nf6 4. Ngf3 Nc6 5. e5 Nd7 6. d4 f6 7. exf6 Qxf6 8. c3
Bd6 9. Be2 O-O 10. O-O e5 11. Qb3 Nb6 12. Ne4 Qg6 13. Nxd6 cxd6 14. a4 Bh3 15.
Ng5 Bxg2 16. Kxg2 h6 17. a5 hxg5 18. Bg4 Nc4 19. Qxb7 N4xa5 20. Rxa5 Qe4+ 21.
f3 Nxa5 22. Qb5 Qc2+ 23. Kg3 Nb3 24. Bxg5 exd4 25. Qxd5+ Kh8 26. Be7 dxc3 27.
Rf2 Nd2 28. bxc3 Ne4+ 29. Qxe4 Qxe4 30. fxe4 Rxf2 31. Kxf2 Re8 32. Bxd6 Rxe4
33. Kf3 Rc4 34. Bb4 g5 35. h3 Kg7 36. Ke3 Kf6 37. Kd3 Rf4 38. c4 Rf2 39. c5 Ke5
40. c6 Rf7 41. Bd7 1-0